Category killers <the> retail revolution and its impact on consumer culture
Salvato in:
| Autore principale: | |
|---|---|
| Natura: | Libro |
| Lingua: | inglese |
| Pubblicazione: |
Boston
Harvard Business School Press
2005
|
| Soggetti: | |
| Tags: |
Nessun Tag, puoi essere il primo ad aggiungerne!!
|
MARC
| LEADER | 00000nam$a2200000$$$4500 | ||
|---|---|---|---|
| 001 | 0101010 | ||
| 005 | 20221129082432.2 | ||
| 020 | |a 1-57851-960-8 | ||
| 041 | 0 | |a eng | |
| 044 | |a US | ||
| 245 | 1 | 0 | |a Category killers |b <the> retail revolution and its impact on consumer culture |c Robert Spector |
| 264 | 1 | |a Boston |b Harvard Business School Press |c 2005 | |
| 300 | |a 221 s. | ||
| 610 | 2 | 0 | |a obchod |
| 610 | 2 | 0 | |a maloobchod |
| 610 | 2 | 0 | |a spoločnosti obchodné |
| 610 | 2 | 0 | |a spotrebitelia |
| 610 | 2 | 0 | |a domy obchodné |
| 610 | 2 | 0 | |a konkurencia |
| 610 | 2 | 0 | |a politika obchodná |
| 610 | 2 | 0 | |a správanie spotrebiteľa |
| 100 | 1 | |a Spector, Robert | |